000 00678nam a2200277Ia 4500
005 20260324125503.0
008 008 260324s9999 xx 000 0 eng d
020 _a9781315850177
037 _aEBOOK
040 _aCRL
040 _beng
040 _cCRL
041 _2eng
041 _aeng
084 _qCRL
100 _aEllis Baker; Ben Mellors; Anthony Lavers; Scott Chalmers
_91178163
245 0 _aFIDIC Contracts: Law and Practice
260 _bTaylor and Francis
260 _c2009
365 _a
365 _b870
856 _uhttp://www.taylorfrancis.com/books/9781315850177
942 _cEBOOK
999 _c1773488
_d1773488